| 000 -ლიდერი |
| ფიქსირებული სიგრძის საკონტროლო ველი |
01322nam a22002177a 4500 |
| 003 - საკონტროლო ნომრის იდენტიფიკატორი |
| საკონტროლო ველი |
Ge_BSU |
| 005 - ბოლო ოპერაციის თარიღი და დრო |
| საკონტროლო ველი |
20240307103103.0 |
| 008 - ფიქსირებული სიგრძის მონაცემთა ელემენტები - ზოგადი ინფორმაცია |
| ფიქსირებული სიგრძის საკონტროლო ველი |
240307s2022 ge ||||| |||| 00| 0 geo d |
| 020 ## - წიგნის საერთაშორისო სტანდარტული ნომერი |
| International Standard Book Number |
9789941332920 |
| 041 ## - ენის კოდი |
| Language code of text/sound track or separate title |
geo |
| 080 ## - უნივერსალური ათობითი კლასიფიკაციის ინდექსი |
| Universal Decimal Classification number |
902/904(479.223) ქ-20 |
| 100 ## - მთავარი ჩანაწერი - პიროვნების სახელი |
| Personal name |
ქამადაძე, ახაბერ |
| 9 (RLIN) |
21355 |
| 245 ## - ცნობა სათაურის შესახებ |
| Title |
გონიო-აფსაროსი : |
| Remainder of title |
ტ. X. გონიოს ციხის გვიანი შუასაუკუნეების არქეოლოგიური მასალები / / |
| Statement of responsibility, etc |
კახაბერ ქამადაძე;რედ. შ. მამულაძე; აჭარის კულტურული მემკვიდრეობის დაცვის სააგენტო. გონიო-აფსაროსის არქეოლოგიურ-არქიტექტურული კომპლექსი. |
| 264 ## - წარმოების, გამოცემის, დისტრიბუციის და სხვა ცნობები |
| გამოცემის, წარმოების, დისტრიბუციის... ადგილი |
ბათუმი: |
| გამოცემის, წარმოების, დისტრიბუციის... სახელწოდება |
უნივერსალი, |
| გამოცემის, წარმოების, დისტრიბუციის... თარიღი |
2022. |
| 300 ## - ფიზიკური აღწერა |
| Extent |
172 გვ. : |
| Other physical details |
ილ. ; |
| Dimensions |
30 სმ. |
| 500 ## - ზოგადი შენიშვნა |
| General note |
პარალ. სათ. ინგლ. ენაზე |
| 653 ## - INDEX TERM--UNCONTROLLED |
| Uncontrolled term |
გონიო-აფსაროსი |
| 653 ## - INDEX TERM--UNCONTROLLED |
| Uncontrolled term |
შრომები |
| 700 ## - ADDED ENTRY--PERSONAL NAME |
| Personal name |
მამულაძე, შ. |
| Relator term |
რედაქტორი |
| 9 (RLIN) |
21356 |
| 942 ## - ADDED ENTRY ELEMENTS (KOHA) |
| Source of classification or shelving scheme |
|
| Koha item type |
წიგნი |